000
00306nam a22001337a 4500
008
170818b xxu||||| |||| 00| 0 eng d
020
_a
9780534362980
041
_a
eng
080
_2
4 ED
_a
51
100
_a
37
101
_a
MAT
245
_a
CALCULUS EARLY TRANSCRNDENTAL
_c
STEWART.J
942
_2
udc
_c
BK
999
_c
24040
_d
24040